000 00711nam a2200229Ia 4500
001 17990
003 GE_BSU
008 181216s||||||||xx |||||||||||||| ||und||
040 _cGE_BSU
080 _a821.353.1-1
100 _aორჯონიკიძე, იზა
245 _aაქ,სამუდამოდ
245 _bლექსები
245 _cრედ. ე.ფალიანი. მხატვ. ა. თოდრია
260 _aთბილისი
260 _bსაბჭოთა საქართველო
260 _c1983
300 _a250გვ. 21სმ.
653 _aაქ,სამუდამოდ
653 _aლექსები
942 _cBK
999 _c51033
_d51033